Türk yurdunun bilgeleri/ (Record no. 25319)
| 000 -BAŞLIK | |
|---|---|
| Sabit Uzunluktaki Kontrol Alanı | 02133nam a22003617a 4500 |
| 001 - KONTROL NUMARASI | |
| Control Dosyası | 0025370 |
| 003 - KONTROL NUMARASI KİMLİĞİ | |
| Kontrol Alanı | KOHA_MİRAKIL |
| 005 - EN SON İŞLEM TARİHİ ve ZAMANI | |
| Kontrol Alanı | 20260207002502.0 |
| 007 - FİZİKSEL TANIM SABİT ALAN - GENEL BİLGİ | |
| Sabit uzunluklu kontrol alanı | ta |
| 008 - SABİT UZUNLUKTAKİ VERİ ÖGELERİ - GENEL BİLGİ | |
| Sabit Alan | 101112b2009 tu |||gr||||#0|||0|tur | |
| 020 ## - ISBN - ULUSLARARASI STANDART KİTAP NUMARASI | |
| Isbn | 9779752639843 |
| Kullanılabilirlik koşulları | 9,3800000000000008 |
| 040 ## - KATALOGLAMA KAYNAĞI | |
| Özgün Kataloglama Kurumu | TR-BiSEU |
| Kataloglama Dili | tur |
| Çeviri Kurumu | TR-BiSEU |
| Açıklama Kuralları | rda |
| 041 0# - DİL KODU | |
| Metin ya da ses kaydının dil kodu | tur |
| 044 ## - YAYINLAYAN/ÜRETEN KURULUŞUN ÜLKE KODU | |
| ISO country code | tu |
| 050 ## - SINIFLAMA ve YER NUMARASI | |
| Sınıflama Numarası | DR438 |
| Yer Numarası | .D45 2009 |
| 100 1# - KİŞİ ADI | |
| Yazar Adı (Kişi adı) | Deliorman, Altan. |
| 245 1# - ESER ADI BİLDİRİMİ | |
| Başlık | Türk yurdunun bilgeleri/ |
| Sorumluluk Bildirimi | Altan Deliorman ; Altan Deliorman; editör Filiz Dığıroğlu, Fulya İbanoğlu. |
| 264 #1 - ÜRERİM, YAYIN, DAĞITIM ve TELİF BİLDİRİMİ | |
| Yayın yeri | İstanbul : |
| Yayınlayan | Timaş Yayınları |
| Yayın tarihi | 2009 |
| 300 ## - FİZİKSEL TANIMLAMA | |
| Sayfa, Cilt vb. | 270 sayfa: resimli; 20 cm. |
| 336 ## - İÇERİK TÜRÜ | |
| Content type term | metin |
| Content type code | txt |
| Source | rdacontent |
| 337 ## - MEDYA TÜRÜ | |
| Media type term | aracısız |
| Media type code | n |
| Source | rdamedia |
| 338 ## - TAŞIYICI TÜRÜ | |
| Carrier type term | cilt |
| Carrier type code | nc |
| Source | rdacarrier |
| 490 1# - DİZİ BİLDİRİMİ | |
| Dizi Bildirimi | Timaş yayınları ; |
| Cilt Numarası | 2058. |
| 490 1# - DİZİ BİLDİRİMİ | |
| Dizi Bildirimi | Hatırat kitaplığı ; |
| Cilt Numarası | 6 |
| 500 ## - GENEL NOT | |
| Genel Not | Dizin var. |
| 505 ## - İÇİNDEKİLER NOTU | |
| İçindekiler Notu | 1940'lardan 1980'lere, üniversite, edebiyat ve basın tarihimiz açısından son derece kıymetli on iki bilgenin portresini okuyacağınız bu kitapta, Meclis'te, edebiyatta, üniversitede ve basında yaşanan, Türkçülük, milliyetçilik hareketleri, tartışmaları, milliyetçi-muhafazakâr kesimin komünizmle mücadeleleri anlatılmıştır. Özellikle 1961 Anayasası'nın getirdiği kısmî özgürlük ortamının farklı ideolojilerin meydanlara dökülmesini sağlaması ve bu arada Marksizm ivme kazanması; buna mukabil muhafazakâr milliyetçi görüşün genç nesle aktarılabilmesi için üniversite, basın ve dernekler kanalıyla yapılan faaliyetler... |
| 650 #0 - KONU BAŞLIĞI EK GİRİŞ - KONU TERİMİ | |
| Konusal terim veya coğrafi ad | Turkey--Biography. |
| 9 (RLIN) | 13129 |
| 650 #0 - KONU BAŞLIĞI EK GİRİŞ - KONU TERİMİ | |
| Konusal terim veya coğrafi ad | Turkey--History. |
| 9 (RLIN) | 5455 |
| 830 1# - SERİ EK GİRİŞİ - TEKBİÇİM ESER ADI | |
| Tekbiçim Başlık | Timaş yayınları ; |
| Volume number/sequential designation | 2058. |
| 9 (RLIN) | 8079 |
| 830 1# - SERİ EK GİRİŞİ - TEKBİÇİM ESER ADI | |
| Tekbiçim Başlık | Hatırat kitaplığı ; |
| Volume number/sequential designation | 6 |
| 9 (RLIN) | 51246 |
| 907 ## - LOCAL DATA ELEMENT G, LDG (RLIN) | |
| a | Tarih |
| 942 ## - EK GİRİŞ ÖGELERİ (KOHA) | |
| Source of classification or shelving scheme | Library of Congress Classification |
| Koha item type | Book |
| 505 ## - İÇİNDEKİLER NOTU | |
| -- | |
| -- | Darbelerle geçen bu tarih aralığında, vatanın en az zararla çıkması için gösterilen çabaları, Erol Güngör, Ahmet Kabaklı, Necmeddin Hacıeminoğlu, Muharrem Ergin, Sabahaddin Zaim, Muammer Kemal Özergin, Zeki Velidî Togan, Sadi Irmak, Ayhan Songar, Cemal Kutay, İzzeddin Şadan ve Ziyad Ebuzziya'nın hayat öykülerinde okuyoruz... |
| Materyal Türü | Kalıcı Konum | Mevcut Konum | Raf Yeri | Sınıflandırma Kaynağı | Edinim Bilgisi | Ana Konular | Alt Konular | Yer Numarası | Demirbaş Numarası | Fatura Tarihi | Maliyet, Alış Fiyatı | Maliyet, Yenileme Fiyatı | Geri Çekilme Durumu | Kayıp Durumu | Hasarlı Durumu | Kredi için değil | Kayıt Tarih | Toplam Ödünçverme | Son Görülme Tarihi | Son Kontrol Tarihi |
|---|---|---|---|---|---|---|---|---|---|---|---|---|---|---|---|---|---|---|---|---|
| Book | Prof. Dr. Azmi Özcan Kütüphanesi | Prof. Dr. Azmi Özcan Kütüphanesi | Uluğbey Salonu | Library of Congress Classification | Satın | DÜNYA TARİHİ (AVRUPA, ASYA, AFRİKA VB.) | Balkan Yarımadası | DR438 .D45 2009 | 0025370 | 15/12/2010 | 10.13 | 10.13 | 12/11/2010 | 05/12/2024 | 05/12/2024 |
